El balance social en Argentina (Registro nro. 12272)
[ vista simple ]
| 000 -LEADER | |
|---|---|
| fixed length control field | 00296 a2200109 4500 |
| 001 - CONTROL NUMBER | |
| control field | ART_42566 |
| 005 - DATE AND TIME OF LATEST TRANSACTION | |
| control field | 20260410161629.0 |
| 008 - FIXED-LENGTH DATA ELEMENTS--GENERAL INFORMATION | |
| fixed length control field | 260409a |
| 100 1# - MAIN ENTRY--PERSONAL NAME | |
| Personal name | Geba, Norma Beatriz |
| 245 10 - TITLE STATEMENT | |
| Title | El balance social en Argentina |
| 773 0# - HOST ITEM ENTRY | |
| Title | Enfoques |
| Related parts | - Nº 6 (jun. 2017) |
| Record control number | REV416 |
No hay ítems disponibles.